Nationalism and culture
Αποθηκεύτηκε σε:
| Κύριος συγγραφέας: | |
|---|---|
| Μορφή: | Βιβλίο |
| Γλώσσα: | English |
| Δημοσίευση: |
Montreal :
Black Rose Books,
c1998
|
| Θέματα: | |
| Ετικέτες: |
Προσθήκη ετικέτας
Δεν υπάρχουν, Καταχωρήστε ετικέτα πρώτοι!
|
MARC
| LEADER | 00000nam a2200000 i 4500 | ||
|---|---|---|---|
| 001 | 1/3040 | ||
| 008 | 000516s1998 eng d | ||
| 020 | |a 1-55164-094-5 | ||
| 035 | |l 10060657 | ||
| 040 | |a GR-MY-UA |b gre |e aacr | ||
| 041 | 0 | |a eng | |
| 082 | 0 | |a 320.54 | |
| 100 | 1 | |a Rocker, Rudolf |d 1873-1958. | |
| 245 | 1 | 0 | |a Nationalism and culture / |c Rudolf Rocker |
| 260 | |a Montreal : |b Black Rose Books, |c c1998 | ||
| 300 | |a 592 p. | ||
| 504 | |a Includes bibliographical references and index | ||
| 650 | 0 | 0 | |a Nationalism. |
| 650 | 0 | 0 | |a Culture. |
| 852 | |a INST |b LESVOS |e 20000516 |h 320.54 ROC |p 005100024209 |q 005100024209 |t BK |y 0 | ||
| 901 | |a BIBL1-2000-2 | ||
| 909 | |a Λ |b 078035 | ||
| 922 | |a 1ΕΛΗ |b 200005 |c ΚΠΣ/ΤΚΑ |d ΠΑΠΑΣΩΤΗΡΙΟΥ | ||
| 950 | |a 117-1999-11-26 | ||
| 970 | |a ΜΟΥΣΤΑΚΑ |b ΠΗΝΕΛΟΠΗ |z 2000/05/18 | ||